00608nmm a2200169Ia 4500008004100000020001500041041000800056100003000064245013900094264006900233300001800302490002200320650002200342856005000364942000700414999001700421251105s9999||||xx |||||||||||||||||und|| a8477336970 aspa aCeamanos Llorens, Roberto 0aDe la historia del movimiento obrero a la historia social : l'Actualité de l´Histoire (1951-1960) y Le Mouvement Social (1960-2000) a[Madrid, España] :bPrensas Universitarias de Zaragoza, c2004 a290 páginas aCiencias sociales aHistory of Europe uhttps://public.digitaliapublishing.com/a/2108 cCF c73406d73406